|
|
|
|
| LEADER |
01384nam a2200361 a 4500 |
| 001 |
000709179 |
| 003 |
CZ BrMZK |
| 005 |
20040517134815.0 |
| 007 |
ta |
| 008 |
040322s2004 xr a e p 000 0 cze d |
| 015 |
|
|
|a cnb001308677
|
| 020 |
|
|
|a 80-248-0556-1
|q (brož.)
|
| 035 |
|
|
|a (OCoLC)56871226
|
| 040 |
|
|
|a BOA001
|b cze
|
| 072 |
|
7 |
|a 37.016
|x Učební osnovy. Vyučovací předměty. Učebnice
|2 Konspekt
|9 22
|
| 072 |
|
7 |
|a 517
|x Matematická analýza
|2 Konspekt
|9 13
|
| 080 |
|
|
|a (075.8)
|2 MRF
|
| 080 |
|
|
|a 517.52
|2 MRF
|
| 100 |
1 |
|
|a Ošťádalová, Eva
|7 jn20001103410
|4 aut
|
| 245 |
1 |
0 |
|a Řady a jejich užití /
|c Eva Ošťádalová, Alena Poloučková
|
| 250 |
|
|
|a 1. vyd.
|
| 260 |
|
|
|a Ostrava :
|b Vysoká škola báňská - Technická univerzita Ostrava,
|c 2004
|
| 300 |
|
|
|a 90 s. :
|b il. ;
|c 29 cm
|
| 500 |
|
|
|a 800 výt.
|
| 504 |
|
|
|a Obsahuje bibliografii
|
| 521 |
|
|
|a Určeno pro posluchače 1. ročníku EkF
|
| 650 |
0 |
7 |
|a řady (matematika)
|7 ph128240
|2 czenas
|
| 655 |
|
7 |
|a učebnice vysokých škol
|7 fd133772
|2 czenas
|
| 700 |
1 |
|
|a Poloučková, Alena,
|d 1950-
|7 mzk2003184931
|4 aut
|
| 856 |
4 |
1 |
|u http://www.digitalniknihovna.cz/mzk/uuid/uuid:2e10c0e0-fb67-11e3-9789-005056827e52
|y Digitalizovaný dokument
|x NDK
|
| 910 |
|
|
|a BOA001
|b 3-1133.117
|
| 990 |
|
|
|a BK
|
| 996 |
6 |
|
|b 2610216207
|c 3-1133.117
|l MZK
|r Sklad / do 1 hodiny
|n 2
|p p.v.
|w 000709179
|u 000010
|a 1
|e BOA001
|j MZK50
|s P
|